[Event "Huila Region-ch Amateur"]
[Site "Neiva"]
[Date "2015.01.24"]
[Round "1.1"]
[White "Ardila Cordoba, Andres"]
[Black "Cuellar, Guillermo"]
[Result "1-0"]
[WhiteElo "1985"]
[BlackElo "1632"]
[PlyCount "21"]
[EventDate "2015.01.24"]
[EventType "swiss"]
[EventRounds "6"]
[EventCountry "COL"]
[SourceTitle "EXT 2024"]
[Source "ChessBase"]
[SourceDate "2023.10.10"]
[SourceVersion "1"]
[SourceVersionDate "2023.10.10"]
[SourceQuality "1"]

1. d4 d5 2. c4 c6 3. Nc3 Nf6 4. Bg5 e6 5. e3 Be7 6. Bd3 0-0 7. Nf3 a5 8. Bxf6 Bxf6 9. h4 h6 10. Bc2 Re8 11. Qd3 1-0

[Event "Pan American Amateur-ch"]
[Site "San Andres Islas"]
[Date "2014.08.28"]
[Round "5"]
[White "Sanchez Lopez, Luis Antonio"]
[Black "Ardila Cordoba, Andres"]
[Result "0-1"]
[WhiteElo "1609"]
[BlackElo "1808"]
[PlyCount "76"]
[EventDate "2014.08.26"]
[EventType "swiss"]
[EventRounds "9"]
[EventCountry "COL"]
[SourceTitle "EXT 2016"]
[Source "ChessBase"]
[SourceDate "2015.10.08"]
[SourceVersion "1"]
[SourceVersionDate "2015.10.08"]
[SourceQuality "1"]

1. e4 d6 2. d4 a6 3. Nf3 Bg4 4. h3 Bh5 5. Be2 Nc6 6. Be3 e6 7. Nbd2 Nf6 8. c4 Be7 9. d5 Nb8 10. 0-0 e5 11. Rc1 Nbd7 12. b4 b6 13. Qb3 0-0 14. Bd3 h6 15. Nh2 Nh7 16. f4 exf4 17. Bxf4 Bg5 18. Bxg5 Nxg5 19. Ndf3 Nxf3+ 20. Nxf3 Bxf3 21. Rxf3 Qg5 22. Rcf1 Ne5 23. R3f2 Rab8 24. Be2 Qh4 25. Qe3 Rbc8 26. Qf4 Qe7 27. Qg3 Rce8 28. Rf5 Ng6 29. Bd3 Kh8 30. Re1 Qd7 31. Bf1 Qa4 32. a3 a5 33. Rb1 Ne7 34. Rf2 Ng6 35. Qd3 Re7 36. Kh1 Rfe8 37. bxa5 Qxa5 38. Re1 Qxe1 0-1